Dynamic social research (Record no. 417099)

000 -LEADER
fixed length control field 00445cam a22001337a 4500
008 - FIXED-LENGTH DATA ELEMENTS--GENERAL INFORMATION
fixed length control field 180718b1933 xxu||||| |||| 00| 0 eng d
082 ## - DEWEY DECIMAL CLASSIFICATION NUMBER
Classification number B1084 H117
100 ## - MAIN ENTRY--PERSONAL NAME
Personal name Hader, John
245 ## - TITLE STATEMENT
Title Dynamic social research
Statement of responsibility, etc. by John Hader and Eduard C. Lindeman
260 ## - PUBLICATION, DISTRIBUTION, ETC.
Place of publication, distribution, etc. London
Name of publisher, distributor, etc. Kegan Paul
Date of publication, distribution, etc. 1933
300 ## - PHYSICAL DESCRIPTION
Extent 231p
650 ## - SUBJECT ADDED ENTRY--TOPICAL TERM
Topical term or geographic name entry element Social sciences -Study and teaching.Management -Employee participation.Social psychology
700 ## - ADDED ENTRY--PERSONAL NAME
Personal name Lindeman, Eduard C.
Holdings
Withdrawn status Lost status Damaged status Not for loan Permanent Location Current Location Date acquired Full call number Barcode Date last seen Price effective from Koha item type
        Indian Institute of Public Administration Indian Institute of Public Administration 2009-03-20 B1084 H117 17015 2018-07-21 2018-07-21 Book

Powered by Koha